01088nam a22001937a 4500003001700000005001700017008004100034020001800075040000700093041001200100082002100112100001700133245004800150260003300198300003200231365001200263520057800275650004100853St Aloysius Coll20260418135740.0260418b |||||||| |||| 00| 0 eng d a9788198870698 cAL aEnglish a791.430954bHANY aBasil Hans V aYodel king of hindi films b: kishore kumar aGhaziabadbP&P Academyc2025 avii, 196p.bPBc21.5x13.9cm 2General aYodel King of Hindi Films: Kishore Kumar is an exploration of his life and legacy. It seeks to uncover not only the milestones of his prolific career but also the moments of struggle, satire, spontaneity, and solitude that defined his journey. From his early days in Khandwa to the peak of his superstardom in Mumbai, from comic brilliance on screen to hauntingly beautiful ballads behind the mic-this book delves into the man behind the magic.ecdotes, sharp insights, and heartfelt tributes, this is a celebration of an artist whose genius still echoes across generations. 2Public PerformancesaMotion Pictures